Statistics for Judy Garland Filmography

Click here to take the quiz!

General Stats

  • This quiz has been taken 170 times
    (78 since last reset)
  • The average score is 16 of 81

Answer Stats

TypeYearName% Correct
Film1939The Wizard of Oz
100%
Film1944Meet Me in St. Louis
73%
Film1954A Star Is Born
67%
Film1948Easter Parade
58%
Film1961Judgment at Nuremberg
53%
Film1950Summer Stock
47%
Theater1959Judy Garland
42%
Theater1956-1957Judy Garland
42%
Film1945The Clock
42%
Film1942For Me and My Gal
40%
Film1946The Harvey Girls
40%
Film1948The Pirate
38%
Film1940Strike Up the Band
36%
Film1963I Could Go On Singing
31%
Film1949In the Good Old Summertime
31%
Film1938Love Finds Andy Hardy
31%
TV Show1963-1964The Judy Garland Show
31%
TV Special1962The Judy Garland Show
31%
Film1946Till the Clouds Roll By
31%
Film1939Babes in Arms
29%
Film1943Girl Crazy
27%
Film1936Pigskin Parade
27%
Film1950Annie Get Your Gun
24%
Film1941Babes on Broadway
24%
Film1962Gay Purr-ee
24%
Film1963A Child Is Waiting
22%
Film1948Words and Music
22%
Film1945Ziegfeld Follies
22%
Film1941Ziegfeld Girl
22%
Film1940Andy Hardy Meets Debutante
20%
Film1960Pepe
20%
Film1943Presenting Lily Mars
20%
Film1943Thousands Cheer
20%
Film1938Everybody Sing
18%
Film1940Little Nellie Kelly
18%
Film1951Royal Wedding
18%
Film1937Thoroughbreds Don't Cry
18%
Film1937Broadway Melody of 1938
16%
Film1941Life Begins for Andy Hardy
16%
Film1967Valley of the Dolls
16%
Short Film1936Every Sunday
13%
Film1938Listen, Darling
13%
Radio Series1946Suspense
13%
Film1949The Barkleys of Broadway
13%
TV Show1955Ford Star Jubilee
11%
Short Film1940If I Forget You
11%
Radio Series1940-1950Lux Radio Theatre
11%
Short Film1930A Holiday in Storyland
9%
Short Film1930Bubbles
9%
Theater1962Judy at the Palace
9%
Short Film1935La Fiesta de Santa Barbara
9%
Radio Series1941Silver Theater
9%
TV Show1969Sunday Night at the London Palladium
9%
Short Film1929The Big Revue
9%
TV Show1963, 1965, 1966The Ed Sullivan Show
9%
TV Show1965, 1966The Hollywood Palace
9%
TV Show1968The Merv Griffin Show
9%
Radio Series1941, 1943The Screen Guild Theater
9%
Short Film1930The Wedding of Jack and Jill
9%
Short Film1941We Must Have Music
9%
TV Show1956General Electric Theater
7%
Documentary2019Sid & Judy
7%
TV Film1970The Last Performance
7%
TV Show1963Val Parnell's Sunday Night at the London Palladium
7%
TV Documentary1996Becoming Attractions: The Trailers of Judy Garland
4%
TV Film1963Judy and Her Guests, Phil Silvers and Robert Goulet
4%
TV Special1964Judy and Liza at the Palladium
4%
Concert Film1964Judy Garland in Concert
4%
Documentary1997Judy Garland's Hollywood
4%
Documentary1992Judy in a Land Called Oz
4%
Short Film1937MGM Christmas Trailer
4%
TV Show1966Perry Como's Kraft Music Hall
4%
TV Show1965The Andy Williams Show
4%
TV Show1965This Hour Has Seven Days
4%
Theater1967Judy Garland "At Home at the Palace"
2%
Theater1951-1952Judy Garland at the Palace "Two-A-Day"
2%
Short Film1943Strictly G.I.
2%
TV Show1953The Knickerbocker Beer Show
2%
TV Show1964The Linkletter Show
2%
TV Show1955The Red Skelton Hour
2%
TV Show1966The Sammy Davis, Jr. Show
2%

Score Distribution

Percentile by Number Answered

Percent of People with Each Score

Your Score History

You have not taken this quiz since the last reset